[Event "Challenge"]
[Site "http://www.queenalice.com/game.php?id=535550"]
[Date "2009.2.5"]
[Round "-"]
[White "Diego_Martinez"]
[Black "billymc"]
[Result "1-0"]
[WhiteElo "1412"]
[BlackElo "1453"]

1. e4 e5 2. Bc4 Nf6 3. Qf3 c6 4. g4 g5 5. Nh3 Bc5 6. Nxg5 d6 7. Nxf7 Bxg4 8. Qd3
Qd7 9. Nxh8 b5 10. Bf7+ Kf8 11. f3 Bh3 12. Rg1 Bxg1 13. b3 Na6 14. Ba3 Ke7 15.
f4 Qg4 16. Qxd6# 1-0

[Event "Challenge"]
[Site "http://www.queenalice.com/game.php?id=535552"]
[Date "2009.2.5"]
[Round "-"]
[White "Diego_Martinez"]
[Black "Ponce"]
[Result "0-1"]
[WhiteElo "1421"]
[BlackElo "1552"]

1. e4 c5 2. Bc4 Nf6 3. Qf3 Nc6 4. b3 Nd4 5. Qd3 e5 6. Nf3 Bd6 7. Nxd4 exd4 8. c3
Be5 9. cxd4 Bxd4 10. Nc3 Ng4 11. Qf3 Ne5 12. Bxf7+ Nxf7 13. Bb2 O-O 14. Rc1 Ne5
15. Qg3 Bxf2+ 0-1

[Event "Challenge"]
[Site "http://www.queenalice.com/game.php?id=535553"]
[Date "2009.2.5"]
[Round "-"]
[White "Diego_Martinez"]
[Black "Ponce"]
[Result "0-1"]
[WhiteElo "1423"]
[BlackElo "1558"]

1. e4 Nf6 2. Qf3 e5 3. g4 d6 4. Bc4 Bxg4 5. Qb3 Qc8 6. Bxf7+ Kd7 7. Qa4+ c6 8.
f3 Bh5 9. Nh3 Bxf7 10. Ng5 Ke7 11. b3 h6 12. Nxf7 Kxf7 13. Rg1 Qh3 14. Qc4+ d5
15. exd5 Nxd5 16. Rg3 Qxh2 17. Qe2 Qxg3+ 18. Qf2 Qxf2+ 19. Kxf2 Bc5+ 20. Ke2
Nf4+ 21. Kf1 Nd7 22. d3 b5 0-1

[Event "Challenge"]
[Site "http://www.queenalice.com/game.php?id=535554"]
[Date "2009.2.5"]
[Round "-"]
[White "Diego_Martinez"]
[Black "Ponce"]
[Result "0-1"]
[WhiteElo "1430"]
[BlackElo "1557"]

1. e4 c5 2. Bc4 e6 3. Qf3 Nc6 4. c3 Ne5 5. Qf4 Qc7 6. Na3 Nd3+ 7. Bxd3 Qxf4 8.
f3 Bd6 9. g3 Qg5 10. f4 Qe7 11. e5 Bc7 12. Nb5 d6 13. exd6 Bxd6 14. Nxd6+ Qxd6
15. Bb5+ Bd7 16. Bxd7+ Qxd7 17. Nf3 Qc6 18. Rf1 Nf6 19. Ng5 O-O 20. b3 Qg2 21.
Ba3 h6 22. Nf3 b6 23. O-O-O Qh3 24. c4 Ng4 25. Bb2 a5 26. Rde1 Nxh2 27. Nxh2
Qxh2 28. d3 Qxg3 29. Re2 Qxd3 30. Ref2 Qe3+ 31. Rd2 Rad8 32. Rd1 Qxf4 33. Kb1
Rxd2 0-1

[Event "Challenge"]
[Site "http://www.queenalice.com/game.php?id=573146"]
[Date "2009.4.17"]
[Round "-"]
[White "Diego_Martinez"]
[Black "aviat11"]
[Result "1-0"]
[WhiteElo "1421"]
[BlackElo "1817"]

1. e4 c5 2. Bc4 Nc6 3. Qf3 Nf6 4. b3 Nd4 5. Qd3 d6 6. c3 Nc6 7. Qf3 Bd7 8. h3
Ne5 9. Qf4 Nxc4 10. bxc4 e5 11. Qh4 Be7 12. d3 Qb6 13. Na3 Qa5 14. Nb5 Bxb5 15.
cxb5 1-0

[Event "AUTO-OPEN-1694"]
[Site "http://www.queenalice.com/game.php?id=653804"]
[Date "2009.9.17"]
[Round "1"]
[White "volga1"]
[Black "Diego_Martinez"]
[Result "1-0"]
[WhiteElo "1788"]
[BlackElo "1541"]

1. e4 e5 2. Nf3 Nc6 3. Bc4 a6 4. d4 d6 5. dxe5 b5 6. Bd5 Nge7 7. exd6 cxd6 8.
Bg5 f6 9. Bxc6+ Nxc6 10. Bf4 Ra7 11. Qd5 Re7 12. Qxc6+ Qd7 13. Qxd7+ Rxd7 14.
Nc3 Bb7 15. O-O-O g5 16. Bxg5 fxg5 17. Nxg5 Rg7 18. f4 h6 19. Ne6 Rg6 20. f5
Rxg2 21. Nxf8 Kxf8 22. Rxd6 Ke7 23. Rhd1 Bc8 24. f6+ 1-0

[Event "AUTO-OPEN-1694"]
[Site "http://www.queenalice.com/game.php?id=653805"]
[Date "2009.9.17"]
[Round "1"]
[White "Diego_Martinez"]
[Black "volga1"]
[Result "0-1"]
[WhiteElo "1535"]
[BlackElo "1805"]

1. e4 g6 2. d4 Bg7 3. Bc4 e6 4. g3 Ne7 5. Bg5 h6 6. Bd2 d6 7. b3 Nd7 8. Na3 a6
9. Qe2 b5 10. Bd3 Bb7 11. h4 Qb8 12. Nf3 Qa7 13. b4 Rc8 14. Bc3 c5 15. bxc5 dxc5
16. dxc5 Nxc5 17. Qd1 Bxc3+ 18. Kf1 Nxd3 19. cxd3 f5 20. Rc1 fxe4 21. Rxc3 Rxc3
22. Nb1 Rxd3 23. Nbd2 exf3 0-1

[Event "AUTO-OPEN-1694"]
[Site "http://www.queenalice.com/game.php?id=653842"]
[Date "2009.9.17"]
[Round "1"]
[White "mzambiasi"]
[Black "Diego_Martinez"]
[Result "0-1"]
[WhiteElo "1617"]
[BlackElo "1521"]

1. e4 e5 2. d3 Qf6 3. f3 c5 4. Nc3 a5 5. Nb5 Ra6 6. Nc7+ Kd8 7. Nxa6 Nxa6 8. Nh3
h5 9. Bg5 Qxg5 10. Nxg5 Rh6 11. Nxf7+ Ke7 12. Nxh6 gxh6 13. Qd2 b6 14. d4 c4 0-1

[Event "AUTO-OPEN-1694"]
[Site "http://www.queenalice.com/game.php?id=653843"]
[Date "2009.9.17"]
[Round "1"]
[White "Diego_Martinez"]
[Black "mzambiasi"]
[Result "1-0"]
[WhiteElo "1499"]
[BlackElo "1639"]

1. e4 e5 2. Qf3 f6 3. g4 d6 4. b3 Nh6 5. h3 Nc6 6. c3 Be6 7. Na3 Ne7 8. Nb5 Ng6
9. c4 a6 10. Nc3 Be7 11. Ba3 O-O 12. Nd5 Bxd5 13. cxd5 Nh4 14. Qg3 1-0

[Event "Challenge"]
[Site "http://www.queenalice.com/game.php?id=655930"]
[Date "2009.9.21"]
[Round "-"]
[White "Diego_Martinez"]
[Black "thedead"]
[Result "1-0"]
[WhiteElo "1485"]
[BlackElo "1432"]

1. e4 e5 2. Bc4 Nc6 3. Qf3 Nf6 4. g4 Nd4 5. Qd3 Nxg4 6. Nh3 d6 7. f3 Nf6 8. Ng5
Be6 9. Bb5+ c6 10. Ba4 b5 11. Bb3 Bd7 12. Nxf7 1-0